000 00857nam a2200205Ii 4500
003 JO-AjNU
008 230605s9999||||xx |||||||||||||| ||und||
017 _a2009/6/2736
040 _aJO-AjNU
_bara
_erda
_cJO-AjNU
041 _aara
050 1 4 _aLC3969.A275 2010
100 3 _aأبو مغلي،سمير مؤلف/سلامة،عبد الحافظ م.مشارك,
_eauthor
_926092
245 0 0 _aالقياس والتشخيص في التربية الخاصة
264 3 1 _aعمان:دار اليازوري،2010
300 _a142ص
336 _atext
_btxt
_2rdacontent
337 _aunmediated
_bn
_2rdamedia
338 _avolume
_bnc
_2rdacarrier
650 4 _a التربية الخاصة-الاختبارات والمقاييس التربوية. التعليم-قياس-المعوقون-تعليم. الأطفال المعوقون-علم نفس
_926093
999 _aA9843
_c13411
_d13411